[Event "MNT-chT"]
[Site "Herceg Novi"]
[Date "2024.05.03"]
[Round "8.2"]
[White "Petrov, Nikita"]
[Black "Anisimov, Pavel"]
[Result "1-0"]
[WhiteElo "2562"]
[BlackElo "2514"]
[PlyCount "83"]
[EventDate "2024.04.27"]
[EventType "team-tourn"]
[EventRounds "9"]
[EventCountry "MNE"]
[SourceTitle "CBM 220 Extra"]
[Source "ChessBase"]
[SourceDate "2024.07.31"]
[SourceVersion "1"]
[SourceVersionDate "2024.07.31"]
[SourceQuality "1"]
[WhiteTeam "Elektroprivreda"]
[BlackTeam "Herceg Novi"]
[WhiteTeamCountry "MNE"]
[BlackTeamCountry "MNE"]

1. d4 Nf6 2. c4 e6 3. Nf3 b6 4. g3 Bb7 5. Bg2 Be7 6. Nc3 Ne4 7. Bd2 f5 8. 0-0 0-0 9. Ne5 Bf6 10. Nxe4 Bxe4 11. Bxe4 fxe4 12. Bc3 d6 13. Ng4 d5 14. Rc1 Nc6 15. Qa4 Ne7 16. Bb4 Rf7 17. Nxf6+ gxf6 18. Bxe7 Rxe7 19. Qc6 dxc4 20. Rxc4 Qd5 21. Qxd5 exd5 22. Rc6 Kf7 23. Rfc1 Rc8 24. b4 Kg6 25. Kf1 Kf5 26. R1c3 Rf7 27. b5 h5 28. h4 Re7 29. Ke1 a6 30. Rxb6 cxb6 31. Rxc8 axb5 32. Rd8 e3 33. Rxd5+ Ke4 34. Rxb5 Kxd4 35. Rxb6 Ra7 36. Rxf6 Rxa2 37. Rf4+ Ke5 38. fxe3 Ra8 39. Kf2 Rb8 40. Kf3 Rb1 41. e4 Rf1+ 42. Ke3 1-0

[Event "MNT-chT"]
[Site "Herceg Novi"]
[Date "2023.05.01"]
[Round "1.5"]
[White "Miljanic, Boro"]
[Black "Anisimov, Pavel"]
[Result "0-1"]
[WhiteElo "2355"]
[BlackElo "2523"]
[PlyCount "84"]
[EventDate "2023.05.01"]
[EventType "team-tourn"]
[EventRounds "9"]
[EventCountry "MNE"]
[SourceTitle "CBM 214 Extra"]
[Source "ChessBase"]
[SourceDate "2023.07.31"]
[SourceVersion "1"]
[SourceVersionDate "2023.07.31"]
[SourceQuality "1"]
[WhiteTeam "Dama"]
[BlackTeam "Herceg Novi"]
[WhiteTeamCountry "MNE"]
[BlackTeamCountry "MNE"]

1. e4 c5 2. c3 d5 3. exd5 Qxd5 4. d4 Nf6 5. Nf3 Bg4 6. Be2 e6 7. h3 Bh5 8. 0-0 Nc6 9. Be3 cxd4 10. Nxd4 Bxe2 11. Qxe2 Be7 12. Nb5 Qe5 13. f4 Qb8 14. f5 Qe5 15. Nd2 a6 16. Na3 exf5 17. Nac4 Qe6 18. Qf3 0-0 19. Qxf5 Qxf5 20. Rxf5 Rad8 21. Bb6 Rd5 22. Raf1 Rxf5 23. Rxf5 g6 24. Rf1 Nd5 25. Nb3 Nxb6 26. Nxb6 Rd8 27. Re1 Bh4 28. Re3 Rd1+ 29. Kh2 Bf2 30. Re8+ Kg7 31. Nc4 Bg1+ 32. Kg3 Rd3+ 33. Kf4 f5 34. Ne3 g5+ 35. Kxg5 Bxe3+ 36. Kxf5 Bb6 37. Re4 Kf7 38. Rh4 Ne7+ 39. Kg5 h6+ 40. Kg4 Bc7 41. Rxh6 Rg3+ 42. Kh5 Nf5 0-1

[Event "Ayvalik Yasemin"]
[Site "Ayvalik"]
[Date "2023.04.26"]
[Round "7"]
[White "Anisimov, Pavel"]
[Black "Hakemi, Arman"]
[Result "1/2-1/2"]
[WhiteElo "2523"]
[BlackElo "2419"]
[PlyCount "43"]
[EventDate "2023.04.22"]
[EventType "schev"]
[EventRounds "9"]
[EventCountry "TUR"]
[SourceTitle "CBM 213 Extra"]
[Source "ChessBase"]
[SourceDate "2023.05.31"]
[SourceVersion "1"]
[SourceVersionDate "2023.05.31"]
[SourceQuality "1"]
[WhiteTeam "Team C"]
[BlackTeam "Team D"]
[WhiteTeamCountry "MKD"]
[BlackTeamCountry "IRI"]

1. e4 c6 2. c4 d5 3. exd5 cxd5 4. cxd5 Nf6 5. Nc3 Nxd5 6. Bc4 Nxc3 7. bxc3 e6 8. d4 Be7 9. Nf3 0-0 10. 0-0 Nc6 11. Bd3 b6 12. Qe2 Bb7 13. h4 Rc8 14. Ng5 g6 15. Nxh7 Kxh7 16. Qh5+ Kg8 17. Bxg6 fxg6 18. Qxg6+ Kh8 19. Qh6+ Kg8 20. Qg6+ Kh8 21. Qh6+ Kg8 22. Qg6+ 1/2-1/2

[Event "Ayvalik Kadife"]
[Site "Ayvalik"]
[Date "2023.04.20"]
[Round "9.5"]
[White "Anisimov, Pavel"]
[Black "Erdogmus, Yagiz Kaan"]
[Result "1/2-1/2"]
[WhiteElo "2523"]
[BlackElo "2454"]
[PlyCount "37"]
[EventDate "2023.04.15"]
[EventType "schev"]
[EventRounds "9"]
[EventCountry "TUR"]
[SourceTitle "CBM 213 Extra"]
[Source "ChessBase"]
[SourceDate "2023.05.31"]
[SourceVersion "1"]
[SourceVersionDate "2023.05.31"]
[SourceQuality "1"]
[WhiteTeam "Team D"]
[BlackTeam "Team A"]
[WhiteTeamCountry "TUR"]
[BlackTeamCountry "TUN"]

1. e4 e5 2. Nf3 Nc6 3. Nc3 Nf6 4. Bb5 Nd4 5. Nxd4 exd4 6. e5 dxc3 7. exf6 Qxf6 8. Qe2+ Qe7 9. dxc3 c6 10. Bd3 Qxe2+ 11. Kxe2 d5 12. Be3 Bd6 13. a4 a5 14. Kd2 Be6 15. Bd4 Bf4+ 16. Be3 Bd6 17. Bd4 Bf4+ 18. Be3 Bd6 19. Bd4 1/2-1/2

[Event "Ayvalik Kadife"]
[Site "Ayvalik"]
[Date "2023.04.16"]
[Round "3.5"]
[White "Gokerkan, Cem Kaan"]
[Black "Anisimov, Pavel"]
[Result "1/2-1/2"]
[WhiteElo "2489"]
[BlackElo "2523"]
[PlyCount "182"]
[EventDate "2023.04.15"]
[EventType "schev"]
[EventRounds "9"]
[EventCountry "TUR"]
[SourceTitle "CBM 213 Extra"]
[Source "ChessBase"]
[SourceDate "2023.05.31"]
[SourceVersion "1"]
[SourceVersionDate "2023.05.31"]
[SourceQuality "1"]
[WhiteTeam "Team A"]
[BlackTeam "Team D"]
[WhiteTeamCountry "TUN"]
[BlackTeamCountry "TUR"]

1. e4 c5 2. Nf3 d6 3. d4 cxd4 4. Nxd4 Nf6 5. Nc3 Nc6 6. Bg5 e6 7. Qd3 a6 8. Nxc6 bxc6 9. 0-0-0 Be7 10. Qg3 e5 11. f4 exf4 12. Qxf4 Qa5 13. Bxf6 gxf6 14. Bc4 Qe5 15. Qf2 Be6 16. Bb3 0-0 17. Ne2 a5 18. Nd4 Rfc8 19. Qg3+ Qxg3 20. hxg3 Bg4 21. Rdf1 a4 22. Bc4 Ra5 23. Be2 Bd7 24. Rh4 Rg5 25. Rfh1 Rg7 26. Rh5 a3 27. b3 f5 28. Nxf5 Bxf5 29. Rxf5 Rxg3 30. Bf3 Rg5 31. Rh5 Rxf5 32. Rxf5 Ra8 33. Bh5 f6 34. c3 Bd8 35. b4 Kf8 36. Kc2 Ke7 37. Kb3 Bb6 38. Bf3 Be3 39. Rh5 h6 40. Rh3 Bc1 41. Rh1 Bf4 42. Rf1 Be5 43. Rd1 Kd8 44. Rh1 Kc7 45. Rxh6 Kb6 46. Rh1 Ra7 47. Rh5 Ra8 48. Rh3 Kc7 49. Rh7+ Kb6 50. Rd7 Bf4 51. Rh7 Bg3 52. Rg7 Bf4 53. Rd7 Bg3 54. Re7 Bf4 55. Rg7 Be5 56. Rf7 Kb5 57. Bg4 Kb6 58. Rh7 Bf4 59. Bf3 Be5 60. Rh1 Bf4 61. Rb1 Be5 62. Kc2 Ra7 63. Rb3 Ra8 64. Kd3 Ra7 65. Rb1 Rh7 66. Kc4 Ra7 67. Rb3 Ra8 68. Rb1 Ra7 69. Kd3 Rh7 70. Kc2 Ra7 71. Kb3 Ra8 72. Rh1 Bf4 73. Rh7 Be5 74. Rf7 Kb5 75. Bg4 Kb6 76. Rd7 Rg8 77. Bf3 Ra8 78. Rh7 Bf4 79. Rh5 Be5 80. Rf5 Ra7 81. Rh5 Ra8 82. Rh7 Bf4 83. Kc2 Be5 84. Rh1 Bf4 85. Rb1 Be5 86. Rb3 Ra7 87. Be2 Ra4 88. Kd3 Ra7 89. Ke3 Ra8 90. Bg4 Rg8 91. Kf3 Ra8 1/2-1/2

[Event "Ayvalik Kadife"]
[Site "Ayvalik"]
[Date "2023.04.15"]
[Round "1.5"]
[White "Anisimov, Pavel"]
[Black "Dedebas, Emre Emin"]
[Result "1-0"]
[WhiteElo "2523"]
[BlackElo "2297"]
[PlyCount "61"]
[EventDate "2023.04.15"]
[EventType "schev"]
[EventRounds "9"]
[EventCountry "TUR"]
[SourceTitle "CBM 213 Extra"]
[Source "ChessBase"]
[SourceDate "2023.05.31"]
[SourceVersion "1"]
[SourceVersionDate "2023.05.31"]
[SourceQuality "1"]
[WhiteTeam "Team D"]
[BlackTeam "Team C"]
[WhiteTeamCountry "TUR"]
[BlackTeamCountry "TUR"]

1. Nf3 Nf6 2. c4 e6 3. g3 d5 4. Bg2 Be7 5. d4 0-0 6. 0-0 c6 7. Nc3 b6 8. Ne5 Bb7 9. e4 Nbd7 10. Nxc6 Bxc6 11. exd5 exd5 12. cxd5 Bb7 13. d6 Bxg2 14. dxe7 Qxe7 15. Kxg2 Rfe8 16. Qf3 Rad8 17. Rd1 h6 18. Be3 Nf8 19. d5 Ng6 20. Rd4 Ne5 21. Qf5 b5 22. Rad1 b4 23. Ne4 Neg4 24. Nxf6+ Nxf6 25. d6 Qb7+ 26. Qf3 Rb8 27. Rc1 Red8 28. Rc7 Qa6 29. Bxh6 Rxd6 30. Rg4 g6 31. Rxb4 1-0

[Event "MNT-ch 75th"]
[Site "Podgorica"]
[Date "2023.02.08"]
[Round "4"]
[White "Anisimov, Pavel"]
[Black "Nikcevic, Nebojsa"]
[Result "1/2-1/2"]
[WhiteElo "2523"]
[BlackElo "2395"]
[PlyCount "20"]
[EventDate "2023.02.05"]
[EventType "swiss"]
[EventRounds "9"]
[EventCountry "MNE"]
[SourceTitle "CBM 212 Extra"]
[Source "ChessBase"]
[SourceDate "2023.03.31"]
[SourceVersion "1"]
[SourceVersionDate "2023.03.31"]
[SourceQuality "1"]

1. e4 e5 2. Nf3 Nf6 3. Nxe5 d6 4. Nf3 Nxe4 5. Qe2 Qe7 6. d3 Nf6 7. Bg5 Qxe2+ 8. Bxe2 Nbd7 9. Nc3 c6 10. 0-0-0 h6 1/2-1/2

[Event "Djenovici TS03 IM Oct"]
[Site "Djenovici"]
[Date "2022.10.21"]
[Round "7"]
[White "Anisimov, Pavel"]
[Black "Volkov, Dmitriy"]
[Result "1-0"]
[WhiteElo "2527"]
[BlackElo "2337"]
[PlyCount "79"]
[EventDate "2022.10.15"]
[EventType "tourn"]
[EventRounds "9"]
[EventCountry "MNE"]
[EventCategory "1"]
[SourceTitle "CBM 210 Extra"]
[Source "ChessBase"]
[SourceDate "2022.11.30"]
[SourceVersion "1"]
[SourceVersionDate "2022.11.30"]
[SourceQuality "1"]

1. e4 c5 2. Nf3 Nc6 3. c3 Nf6 4. e5 Nd5 5. d4 cxd4 6. cxd4 d6 7. Bc4 Nb6 8. Bb5 dxe5 9. Nxe5 Bd7 10. Nxd7 Qxd7 11. Nc3 e6 12. 0-0 Be7 13. Qg4 Bf6 14. Rd1 0-0 15. d5 exd5 16. Qxd7 Nxd7 17. Nxd5 Bd8 18. Be3 Nb6 19. Bc5 Re8 20. Re1 Re6 21. Rxe6 fxe6 22. Nf4 Bf6 23. Nxe6 Bxb2 24. Rb1 Bf6 25. Bf1 Be7 26. Be3 Rc8 27. g3 Kf7 28. Bh3 Rb8 29. Nc7 Rd8 30. Be6+ Kf6 31. h4 h6 32. Rb5 Nd4 33. Bxd4+ Rxd4 34. Rf5+ Kg6 35. h5+ Kh7 36. Rf7 Bc5 37. Ne8 Rd1+ 38. Kg2 Bd4 39. Rf8 g6 40. Bg8+ 1-0

[Event "Djenovici TS03 IM Oct"]
[Site "Djenovici"]
[Date "2022.10.18"]
[Round "4"]
[White "Anisimov, Pavel"]
[Black "Ceranic, Miodrag"]
[Result "1-0"]
[WhiteElo "2527"]
[BlackElo "2158"]
[PlyCount "59"]
[EventDate "2022.10.15"]
[EventType "tourn"]
[EventRounds "9"]
[EventCountry "MNE"]
[EventCategory "1"]
[SourceTitle "CBM 210 Extra"]
[Source "ChessBase"]
[SourceDate "2022.11.30"]
[SourceVersion "1"]
[SourceVersionDate "2022.11.30"]
[SourceQuality "1"]

1. e4 c5 2. Ne2 Nc6 3. g3 Nf6 4. Bg2 g6 5. c3 Bg7 6. d4 cxd4 7. cxd4 d6 8. Nbc3 0-0 9. 0-0 Bd7 10. h3 a6 11. Be3 Rc8 12. f4 e6 13. e5 Ne8 14. Rc1 d5 15. g4 Ne7 16. Ng3 f6 17. Qb3 b5 18. exf6 Bxf6 19. f5 gxf5 20. gxf5 Ng7 21. fxe6 Bxe6 22. Qa3 Rc6 23. Nce2 Rxc1 24. Bxc1 Bc8 25. Bh6 Rf7 26. Rxf6 Rxf6 27. Bxg7 Kxg7 28. Nh5+ Kf7 29. Nxf6 Kxf6 30. Nf4 1-0

[Event "Djenovici TS03 IM Oct"]
[Site "Djenovici"]
[Date "2022.10.16"]
[Round "2"]
[White "Anisimov, Pavel"]
[Black "Poschadel, Andreas Gregor"]
[Result "1-0"]
[WhiteElo "2527"]
[BlackElo "2044"]
[PlyCount "67"]
[EventDate "2022.10.15"]
[EventType "tourn"]
[EventRounds "9"]
[EventCountry "MNE"]
[EventCategory "1"]
[SourceTitle "CBM 210 Extra"]
[Source "ChessBase"]
[SourceDate "2022.11.30"]
[SourceVersion "1"]
[SourceVersionDate "2022.11.30"]
[SourceQuality "1"]

1. e4 c6 2. d4 d5 3. Nd2 dxe4 4. Nxe4 Nf6 5. Nxf6+ exf6 6. c3 Bd6 7. Bd3 Na6 8. Qc2 h5 9. Ne2 Nc7 10. 0-0 Nd5 11. Ng3 Qc7 12. Re1+ Kf8 13. Be4 h4 14. Nf1 Be6 15. c4 Nf4 16. Bxf4 Bxf4 17. Bf5 Qd6 18. Bxe6 fxe6 19. Re4 Re8 20. c5 Qc7 21. Rae1 e5 22. g3 hxg3 23. fxg3 Bg5 24. h4 Bh6 25. dxe5 fxe5 26. Nh2 Ke7 27. Qa4 a6 28. Qd4 Kf7 29. Qf2+ Kg6 30. g4 Bf4 31. Rxf4 exf4 32. Qc2+ Kh6 33. g5+ Kh5 34. Rxe8 1-0

[Event "St Petersburg Blitz"]
[Site "St Petersburg"]
[Date "2021.12.12"]
[Round "12"]
[White "Anisimov, Pavel"]
[Black "Bazeev, German"]
[Result "0-1"]
[WhiteElo "2527"]
[BlackElo "2399"]
[PlyCount "106"]
[EventDate "2021.12.12"]
[EventType "tourn (blitz)"]
[EventRounds "21"]
[EventCountry "RUS"]
[EventCategory "11"]
[SourceTitle "CBM 205 Extra"]
[Source "ChessBase"]
[SourceDate "2022.01.31"]
[SourceVersion "1"]
[SourceVersionDate "2022.01.31"]
[SourceQuality "1"]

1. e4 c6 2. d4 d5 3. Nd2 dxe4 4. Nxe4 Nf6 5. Nxf6+ exf6 6. c3 Bd6 7. Bd3 0-0 8. Qc2 Re8+ 9. Ne2 h5 10. Be3 Nd7 11. 0-0-0 Nf8 12. Rdg1 Be6 13. Kb1 b5 14. h3 Bd5 15. h4 Qd7 16. Nc1 Ng6 17. Bd2 Nf4 18. Bxf4 Bxf4 19. Qd1 g6 20. Qc2 Kg7 21. Ne2 Bd6 22. f3 Re3 23. Nc1 Rae8 24. Rf1 c5 25. dxc5 Bxc5 26. Rd1 Qc6 27. Rhf1 a6 28. Rd2 Re1 29. Rxe1 Rxe1 30. Rd1 Rxd1 31. Qxd1 Bf2 32. Qh1 Qd6 33. Bc2 Qg3 34. Qd1 Be6 35. a4 bxa4 36. Bxa4 Qxh4 37. Bc2 Qg3 38. Qf1 a5 39. Nb3 a4 40. Nd2 Be3 41. Ne4 Qe5 42. Bxa4 f5 43. Nf2 Qd5 44. Kc2 Qd2+ 45. Kb1 Bxf2 46. Bc2 h4 47. Qd3 Qxd3 48. Bxd3 Kf6 49. Kc2 Ke5 50. b4 Be1 51. Bf1 Kf4 52. Kd3 Kg3 53. Kd4 Kf2 0-1

[Event "St Petersburg Blitz"]
[Site "St Petersburg"]
[Date "2021.12.12"]
[Round "8"]
[White "Anisimov, Pavel"]
[Black "Goganov, Aleksey"]
[Result "1/2-1/2"]
[WhiteElo "2527"]
[BlackElo "2589"]
[PlyCount "67"]
[EventDate "2021.12.12"]
[EventType "tourn (blitz)"]
[EventRounds "21"]
[EventCountry "RUS"]
[EventCategory "11"]
[SourceTitle "CBM 205 Extra"]
[Source "ChessBase"]
[SourceDate "2022.01.31"]
[SourceVersion "1"]
[SourceVersionDate "2022.01.31"]
[SourceQuality "1"]

1. d4 d5 2. Nf3 Nf6 3. Bf4 c5 4. c3 Nc6 5. e3 Qb6 6. Qb3 c4 7. Qc2 Bf5 8. Qc1 e6 9. h3 h6 10. Nbd2 Qd8 11. b3 b5 12. a4 a6 13. Be2 Be7 14. 0-0 0-0 15. Qb2 Qd7 16. b4 Rfc8 17. Ra2 Nxb4 18. cxb4 c3 19. Qb3 cxd2 20. axb5 axb5 21. Rxa8 Rxa8 22. Nxd2 Ra4 23. Rc1 Rxb4 24. Qc3 Ne4 25. Nxe4 Bxe4 26. f3 Bg6 27. Qd2 Bd6 28. Kf2 Kh7 29. Bxd6 Qxd6 30. Rc5 Rb1 31. Rxb5 Rh1 32. f4 Qa3 33. Qb2 Qxb2 34. Rxb2 1/2-1/2

[Event "St Petersburg Blitz"]
[Site "St Petersburg"]
[Date "2021.12.12"]
[Round "10"]
[White "Anisimov, Pavel"]
[Black "Klimov, Sergey"]
[Result "0-1"]
[WhiteElo "2527"]
[BlackElo "2486"]
[PlyCount "98"]
[EventDate "2021.12.12"]
[EventType "tourn (blitz)"]
[EventRounds "21"]
[EventCountry "RUS"]
[EventCategory "11"]
[SourceTitle "CBM 205 Extra"]
[Source "ChessBase"]
[SourceDate "2022.01.31"]
[SourceVersion "1"]
[SourceVersionDate "2022.01.31"]
[SourceQuality "1"]

1. e4 c5 2. Ne2 d6 3. g3 d5 4. Bg2 dxe4 5. Bxe4 Nf6 6. Bg2 g6 7. d4 Bg7 8. 0-0 0-0 9. dxc5 Qa5 10. Be3 Ng4 11. Bd2 Qxc5 12. Bc3 Nc6 13. Bxg7 Kxg7 14. Nbc3 Rd8 15. Qc1 Bf5 16. h3 Nf6 17. a3 h5 18. Qf4 Bxc2 19. Rac1 Qf5 20. Rfe1 e5 21. Qe3 Nd4 22. g4 hxg4 23. Ng3 Qf4 24. Qxe5 Qxe5 25. Rxe5 gxh3 26. Bxb7 Rab8 27. Bh1 Rxb2 28. Re7 Ng4 29. Rxa7 h2+ 30. Kg2 Bd3 31. Nd1 Rd2 32. Kh3 Nxf2+ 33. Nxf2 Rxf2 34. Rcc7 Rh8+ 35. Kg4 Rf8 36. Bd5 Kh6 37. Bxf7 Rg2 38. Kh3 Rxg3+ 39. Kxh2 Rg5 40. Bd5 Rf2+ 41. Kh1 Rh5+ 42. Kg1 Rb2 43. Rh7+ Kg5 44. Rxh5+ gxh5 45. Rd7 Ne2+ 46. Kh1 Nf4 47. Bf3 Kh4 48. Rd4 Kg3 49. Bxh5 Rb1+ 0-1

[Event "St Petersburg Blitz"]
[Site "St Petersburg"]
[Date "2021.12.12"]
[Round "9"]
[White "Ivanov, Sergey"]
[Black "Anisimov, Pavel"]
[Result "0-1"]
[WhiteElo "2462"]
[BlackElo "2527"]
[PlyCount "66"]
[EventDate "2021.12.12"]
[EventType "tourn (blitz)"]
[EventRounds "21"]
[EventCountry "RUS"]
[EventCategory "11"]
[SourceTitle "CBM 205 Extra"]
[Source "ChessBase"]
[SourceDate "2022.01.31"]
[SourceVersion "1"]
[SourceVersionDate "2022.01.31"]
[SourceQuality "1"]

1. d4 e6 2. c4 Nf6 3. Nc3 Bb4 4. Qc2 0-0 5. Nf3 b6 6. e4 d6 7. Bd3 e5 8. dxe5 dxe5 9. Nxe5 Re8 10. f4 Qd4 11. Bd2 Bb7 12. 0-0-0 Qc5 13. Rhe1 Na6 14. Nf3 Ng4 15. a3 Bxc3 16. Qxc3 Nf2 17. e5 Nxd1 18. Rxd1 h6 19. Re1 Rad8 20. Be3 Qc6 21. Nd4 Qxg2 22. Nf5 Qh3 23. Rg1 g6 24. Ng3 Nc5 25. Bxc5 bxc5 26. Qc2 Re6 27. f5 Rxe5 28. fxg6 f6 29. g7 Rg5 30. Bh7+ Kxg7 31. Nf5+ Kh8 32. Rxg5 hxg5 33. Qc3 Qf1+ 0-1

[Event "St Petersburg Blitz"]
[Site "St Petersburg"]
[Date "2021.12.12"]
[Round "11"]
[White "Levin, Evgeny A"]
[Black "Anisimov, Pavel"]
[Result "1-0"]
[WhiteElo "2485"]
[BlackElo "2527"]
[PlyCount "123"]
[EventDate "2021.12.12"]
[EventType "tourn (blitz)"]
[EventRounds "21"]
[EventCountry "RUS"]
[EventCategory "11"]
[SourceTitle "CBM 205 Extra"]
[Source "ChessBase"]
[SourceDate "2022.01.31"]
[SourceVersion "1"]
[SourceVersionDate "2022.01.31"]
[SourceQuality "1"]

1. d4 e6 2. c4 Nf6 3. Nf3 b6 4. g3 Ba6 5. Qc2 c6 6. e4 d5 7. cxd5 Bxf1 8. Kxf1 cxd5 9. e5 Nfd7 10. h4 Be7 11. Bg5 Na6 12. Nc3 h6 13. Bxe7 Qxe7 14. Qa4 Nc7 15. Qc6 Rc8 16. Nb5 0-0 17. Nxa7 Nb8 18. Nxc8 Rxc8 19. Qb7 Qd8 20. Rc1 Nba6 21. Kg2 Rb8 22. Qc6 Qe7 23. Qd6 Kf8 24. Rc6 Nb5 25. Qxb8+ Nxb8 26. Rc8+ Qe8 27. Rxe8+ Kxe8 28. Rc1 Kd7 29. a4 Nc7 30. Ne1 Nc6 31. Nc2 b5 32. axb5 Nxb5 33. Rd1 Kc7 34. Kf3 Kb6 35. Ke3 Na5 36. Na3 Nc7 37. Rc1 Nc6 38. Nc2 Nb5 39. Ra1 Kb7 40. h5 Ne7 41. g4 Nc6 42. f4 Ne7 43. Kd3 Nc7 44. g5 Nf5 45. gxh6 gxh6 46. Ne3 Ng3 47. Rg1 Nxh5 48. Rg4 Kc6 49. Rh4 Ng3 50. Rxh6 Kd7 51. f5 exf5 52. Rf6 Ke8 53. Nxf5 Ne4 54. Nd6+ Nxd6 55. Rxd6 Ke7 56. b4 Ke8 57. Rc6 Kd7 58. Rf6 Ke7 59. Ke3 Ne6 60. b5 Ke8 61. b6 Nd8 62. Rd6 1-0

[Event "St Petersburg Blitz"]
[Site "St Petersburg"]
[Date "2021.12.12"]
[Round "7"]
[White "Shubin, Kirill"]
[Black "Anisimov, Pavel"]
[Result "1-0"]
[WhiteElo "2473"]
[BlackElo "2527"]
[PlyCount "84"]
[EventDate "2021.12.12"]
[EventType "tourn (blitz)"]
[EventRounds "21"]
[EventCountry "RUS"]
[EventCategory "11"]
[SourceTitle "CBM 205 Extra"]
[Source "ChessBase"]
[SourceDate "2022.01.31"]
[SourceVersion "1"]
[SourceVersionDate "2022.01.31"]
[SourceQuality "1"]

1. e4 c5 2. Nf3 a6 3. g3 b5 4. Bg2 Bb7 5. Qe2 e6 6. 0-0 Nf6 7. e5 Nd5 8. a4 Qb6 9. Nc3 b4 10. Ne4 Be7 11. c4 bxc3 12. dxc3 f5 13. exf6 Nxf6 14. Nxf6+ Bxf6 15. a5 Qc6 16. Bf4 0-0 17. Rfe1 Qb5 18. Qd2 Bd5 19. Nh4 Bxg2 20. Nxg2 Ra7 21. Bd6 Rc8 22. Ne3 Nc6 23. Ng4 Be7 24. Bxe7 Nxe7 25. Qg5 Ng6 26. h4 c4 27. Qd2 Qf5 28. Qd4 Rb7 29. Ne3 Qb5 30. f4 Qxb2 31. f5 Nf8 32. f6 d5 33. Ng4 Qc2 34. fxg7 Rxg7 35. Nf6+ Kf7 36. Nh5 Rg6 37. Rf1+ Ke8 38. Rae1 Qd3 39. Qe5 Kd7 40. Re3 Qd2 41. Nf4 Rh6 42. Re2 Qd3 1-0

[Event "St Petersburg Blitz"]
[Site "St Petersburg"]
[Date "2021.12.12"]
[Round "5"]
[White "Zubritskiy, Artyom"]
[Black "Anisimov, Pavel"]
[Result "0-1"]
[WhiteElo "2442"]
[BlackElo "2527"]
[PlyCount "96"]
[EventDate "2021.12.12"]
[EventType "tourn (blitz)"]
[EventRounds "21"]
[EventCountry "RUS"]
[EventCategory "11"]
[SourceTitle "CBM 205 Extra"]
[Source "ChessBase"]
[SourceDate "2022.01.31"]
[SourceVersion "1"]
[SourceVersionDate "2022.01.31"]
[SourceQuality "1"]

1. c4 e6 2. g3 Nf6 3. Bg2 d5 4. Nf3 d4 5. 0-0 Be7 6. e3 dxe3 7. fxe3 0-0 8. d4 c5 9. Nc3 a6 10. Qe2 Qc7 11. Rd1 Nbd7 12. a4 b6 13. d5 exd5 14. cxd5 Re8 15. Nd2 Bd6 16. Nc4 Ne5 17. Nxd6 Qxd6 18. h3 c4 19. e4 Nd3 20. Rxd3 cxd3 21. Qxd3 Nh5 22. Qf3 Qg6 23. g4 Nf6 24. Be3 Bd7 25. Re1 b5 26. Bd4 b4 27. Nd1 Nxd5 28. b3 Nc7 29. Ne3 Qd6 30. Rd1 Qc6 31. Ba1 Rad8 32. Qg3 Bc8 33. Rf1 Be6 34. Qf4 Qc5 35. Kh1 Bxb3 36. Nf5 Ne6 37. Nh6+ Kh8 38. Nxf7+ Kg8 39. Nh6+ Kh8 40. Nf7+ Kg8 41. Nh6+ Kh8 42. Nf7+ Kg8 43. Nh6+ Kh8 44. Nf7+ Kg8 45. Nh6+ Kh8 46. Nf7+ Kg8 47. Nh6+ Kh8 48. Bxg7+ Nxg7 0-1

[Event "Titled Tuesday intern op 23rd Mar"]
[Site "Chess.com INT"]
[Date "2021.03.23"]
[Round "10"]
[White "Anisimov, Pavel"]
[Black "Firouzja, Alireza"]
[Result "1-0"]
[WhiteElo "2527"]
[BlackElo "2759"]
[PlyCount "77"]
[EventDate "2021.03.23"]
[EventType "swiss (blitz)"]
[EventRounds "11"]
[EventCountry "USA"]
[SourceTitle "CBM 201 Extra"]
[Source "ChessBase"]
[SourceDate "2021.05.31"]
[SourceVersion "1"]
[SourceVersionDate "2021.05.31"]
[SourceQuality "1"]

1. e4 b6 2. d4 Bb7 3. Bd3 e6 4. Nf3 d5 5. exd5 Qxd5 6. 0-0 Nf6 7. Re1 Be7 8. c4 Qd8 9. Nc3 0-0 10. Bf4 Nbd7 11. Qe2 Re8 12. Rad1 Qc8 13. h3 a6 14. Ne5 Nf8 15. a3 Ng6 16. Bh2 Bf8 17. Bg3 Bd6 18. Bc2 Bxe5 19. dxe5 Nd7 20. h4 h6 21. Qg4 Ndf8 22. Ne4 Bxe4 23. Bxe4 Rb8 24. Bc6 Rd8 25. Rxd8 Qxd8 26. h5 Ne7 27. Bh4 Nh7 28. Be4 Kh8 29. Qf4 Qe8 30. b4 Rd8 31. Re3 Rd4 32. Rd3 Rxc4 33. Qd2 Nd5 34. Bxd5 Rxh4 35. Bb7 Nf8 36. Rd8 Qe7 37. Bc6 f5 38. Re8 Qf7 39. Qd8 1-0

[Event "Titled Tuesday intern op 23rd Mar"]
[Site "Chess.com INT"]
[Date "2021.03.23"]
[Round "4"]
[White "Anisimov, Pavel"]
[Black "Turzo, Attila"]
[Result "1-0"]
[WhiteElo "2527"]
[BlackElo "2302"]
[PlyCount "117"]
[EventDate "2021.03.23"]
[EventType "swiss (blitz)"]
[EventRounds "11"]
[EventCountry "USA"]
[SourceTitle "CBM 201 Extra"]
[Source "ChessBase"]
[SourceDate "2021.05.31"]
[SourceVersion "1"]
[SourceVersionDate "2021.05.31"]
[SourceQuality "1"]

1. e4 c5 2. Ne2 Nc6 3. d4 cxd4 4. Nxd4 Nf6 5. Nc3 d6 6. Bg5 e6 7. Qd2 a6 8. 0-0-0 Bd7 9. f3 Be7 10. Be3 h5 11. Nxc6 bxc6 12. Bc4 d5 13. Bb3 Qc7 14. Kb1 Bc8 15. Na4 dxe4 16. Bb6 Qe5 17. Bd4 Qc7 18. Nb6 Rb8 19. Nc4 Rb5 20. Qe3 0-0 21. fxe4 e5 22. Bc3 Be6 23. Nd2 Bxb3 24. cxb3 Bb4 25. Nc4 Bxc3 26. bxc3 a5 27. Nd6 Rbb8 28. Rhf1 Nh7 29. Qc5 a4 30. b4 a3 31. Nc4 f6 32. Nxa3 Ng5 33. Rfe1 Ra8 34. Nc4 Qa7 35. Qxa7 Rxa7 36. h4 Ne6 37. g3 Nc7 38. Nd6 Nb5 39. Nxb5 cxb5 40. Rd5 Rb7 41. Kb2 Rc8 42. Re3 Kf7 43. a4 bxa4 44. Ra5 g6 45. Rxa4 Ke6 46. Ra6+ Ke7 47. Kb3 Rd7 48. Rf3 Rf8 49. b5 f5 50. Rxg6 fxe4 51. Re3 Rf3 52. Rxe4 Rdd3 53. Rxe5+ Kf7 54. Rc6 Rxg3 55. b6 Rg1 56. Kc4 Rd8 57. Rxh5 Rb1 58. Rb5 Rxb5 59. Kxb5 1-0

[Event "Titled Tuesday intern op 23rd Mar"]
[Site "Chess.com INT"]
[Date "2021.03.23"]
[Round "8"]
[White "Matlakov, Maxim"]
[Black "Anisimov, Pavel"]
[Result "0-1"]
[WhiteElo "2688"]
[BlackElo "2527"]
[PlyCount "82"]
[EventDate "2021.03.23"]
[EventType "swiss (blitz)"]
[EventRounds "11"]
[EventCountry "USA"]
[SourceTitle "CBM 201 Extra"]
[Source "ChessBase"]
[SourceDate "2021.05.31"]
[SourceVersion "1"]
[SourceVersionDate "2021.05.31"]
[SourceQuality "1"]

1. b3 e5 2. Bb2 Nc6 3. Nf3 e4 4. Nd4 Nxd4 5. Bxd4 d5 6. e3 Nf6 7. d3 Bd6 8. Nd2 Qe7 9. dxe4 dxe4 10. Nc4 Bc5 11. Bxc5 Qxc5 12. Qd4 Qe7 13. Be2 0-0 14. 0-0-0 a5 15. Qe5 Be6 16. a4 h6 17. h3 Rfb8 18. Kb2 b5 19. axb5 a4 20. Ra1 axb3 21. cxb3 Nd7 22. Qc3 Rxa1 23. Rxa1 Qg5 24. Nd2 Qxg2 25. Rf1 Bxh3 26. Qxc7 Qg6 27. Rh1 Bg4 28. Bxg4 Qxg4 29. Rc1 Rxb5 30. Rc4 Nf6 31. Qc8+ Qxc8 32. Rxc8+ Kh7 33. Kc3 Rf5 34. b4 h5 35. Rc5 Rxf2 36. b5 h4 37. b6 h3 38. Rb5 h2 39. Rb1 Nd5+ 40. Kd4 Rxd2+ 41. Ke5 Nxb6 0-1